| 000 | 00425nam a2200133Ia 4500 | ||
|---|---|---|---|
| 008 | 231129s2004||||xx |||||||||||||| ||spa|| | ||
| 040 | _bspa | ||
| 082 | _a328.0986132 A798 | ||
| 100 | _aAsamblea Departamental de Risaralda | ||
| 245 | 0 | _aRisaralda con casta de hidalgos: gestion politico administrativa de la Asamblea Departamental 1967-2004 | |
| 260 | _c2004 | ||
| 264 | _aLa Asamblea ; Fondo Editorial | ||
| 942 |
_2ddc _cBKS |
||
| 999 |
_c24115 _d24115 |
||